000 00472nam a2200181Ia 4500
003 GCL
008 140319s9999 xx 000 0 eng d
040 _aGCL /
_cGCL
082 0 4 _a526.9
_bS A
100 1 _aSHAHANI, P.B.
245 1 0 _aADVANCED SURVEYING /
_cSHAHANI, P.B.
260 _a[S.N] :
_bOXFORD & IBH PUBLISHING CO.PVT. LTD. ،
_c1976
300 _a779 P
650 0 4 _aCIVIL ENGINEERING
650 0 4 _aPHOTOGRAMMETRY
650 0 4 _aSURVEYING
942 _2ddc
_cBK
999 _c20559
_d20559